| 000 -LEADER |
| fixed length control field |
00732nam a2200229Ia 4500 |
| 020 ## - INTERNATIONAL STANDARD BOOK NUMBER |
| ISBN |
9789251055953 |
| 020 ## - INTERNATIONAL STANDARD BOOK NUMBER |
| ISBN |
9251055955 |
| 040 ## - CATALOGING SOURCE |
| Transcribing agency |
OSU |
| 082 ## - DEWEY DECIMAL CLASSIFICATION NUMBER |
| Classification number |
639 FOO 2007 A091 Or. |
| 100 1# - MAIN ENTRY--AUTHOR NAME |
| Personal name |
Sarkis, Samia |
| 245 10 - TITLE STATEMENT |
| Title |
Installation and operation of a modular bivalve hatchery / |
| 260 ## - PUBLICATION, DISTRIBUTION, ETC. (IMPRINT) |
| Place of publication |
Rome : |
| Name of publisher |
Food and Agriculture Organization of the United Nations, |
| Year of publication |
2007 |
| 300 ## - PHYSICAL DESCRIPTION |
| Number of Pages |
xxiv, 170 p. : |
| Other physical details |
ill. (some col.) ; |
| Dimensions |
30 cm + |
| Accompanying material |
1 computer optical disc (4 3/4 in.) |
| 650 #0 - SUBJECT ADDED ENTRY--TOPICAL TERM |
| Topical Term |
Shellfish fisheries |
| 650 #0 - SUBJECT ADDED ENTRY--TOPICAL TERM |
| Topical Term |
Mollusk culture |
| 650 #0 - SUBJECT ADDED ENTRY--TOPICAL TERM |
| Topical Term |
Fisheries |
| 650 #0 - SUBJECT ADDED ENTRY--TOPICAL TERM |
| Topical Term |
Mollusks |
| 650 #0 - SUBJECT ADDED ENTRY--TOPICAL TERM |
| Topical Term |
Bivalves |
| 700 1# - ADDED ENTRY--PERSONAL NAME |
| Personal name |
Lovatelli, Alessandro |
| 710 2# - ADDED ENTRY--CORPORATE NAME |
| Corporate name or jurisdiction name as entry element |
Food and Agriculture Organization of the United Nations |
| 942 ## - ADDED ENTRY ELEMENTS (KOHA) |
| Koha item type |
សៀវភៅភាសាអង់គ្លេស |
| 952 ## - LOCATION AND ITEM INFORMATION (KOHA) |
| Withdrawn status [LOCAL, KOHA] |
0 |